000 01610nam a2200505 i 4500
001 46136
003 KOSZ 005
005 20210914111925.0
008 030930s2003 pl |000 0 pol
015 _aUWD 2003/17870
020 _a8373331883
035 _a991021643389705066
035 _a(PL-WaBN)b15849661-48omnis_nlop
035 _ab15849661
035 _a(OCoLC)749147252
035 _azz2003802822
035 _a(PL)b0000001584966
035 _a(EXLNZ-48OMNIS_NETWORK)9910045611305606
040 _aWA N
_cWA N
_dKOSZ 005/HR
041 0 _apol
046 _k2003
080 _a347.77(438)
100 1 _aSołtys, Bogusław
_eAutor
245 1 0 _aNazwy handlowe i ich ochrona w prawie polskim /
_cBogusław Sołtys.
250 _aStan prawny na 1 stycznia 2003 r.
260 _aKraków :
_b"Zakamycze",
_c2003.
300 _a441, [1] s. ;
_c22 cm.
336 _aTekst
_btxt
_2rdacontent
337 _aBez urządzenia pośredniczącego
_bn
_2rdamedia
338 _aWolumin
_bnc
_2rdacarrier
380 _aKsiążki
388 _a2001-
490 1 _aBiblioteka Prawa Handlowego
504 _aBibliogr.
650 7 _aFirma (nazwa)
_2DBN
650 7 _aZnak towarowy
_2DBN
650 7 _aPrawo handlowe
651 _aPolska
658 _aPrawo i wymiar sprawiedliwości
710 2 _aKantor Wydawniczy Zakamycze
_4pbl
830 0 _aBiblioteka Prawa Handlowego
856 _uhttp://koha.tu.koszalin.pl/cgi-bin/koha/opac-detail.pl?biblionumber=46136
_yKatalog online BPK
942 _2UKD
_cKS
999 _c46136
_d46136